The nature of time (Record no. 3309)

MARC details
000 -LEADER
fixed length control field 00501nam a2200169Ia 4500
003 - CONTROL NUMBER IDENTIFIER
control field IN-BaIIA
008 - FIXED-LENGTH DATA ELEMENTS--GENERAL INFORMATION
fixed length control field 211028s9999 xx 000 0 eng d
040 ## - CATALOGING SOURCE
Transcribing agency IIA Library
080 ## - UNIVERSAL DECIMAL CLASSIFICATION NUMBER
Universal Decimal Classification number 524.83
Item number THE
245 #4 - TITLE STATEMENT
Title The nature of time
Statement of responsibility, etc. edited by T. Gold
260 ## - PUBLICATION, DISTRIBUTION, ETC.
Place of publication, distribution, etc. New York
Name of publisher, distributor, etc. Cornell University Press
Date of publication, distribution, etc. 1977
300 ## - PHYSICAL DESCRIPTION
Extent xiv, 248p.
650 ## - SUBJECT ADDED ENTRY--TOPICAL TERM
Topical term or geographic name entry element Astronomy and astrophysics thesaurus
650 ## - SUBJECT ADDED ENTRY--TOPICAL TERM
Topical term or geographic name entry element Cosmology
700 ## - ADDED ENTRY--PERSONAL NAME
Personal name Gold, T., ed
9 (RLIN) 5890
942 ## - ADDED ENTRY ELEMENTS (KOHA)
Koha item type Books
Holdings
Withdrawn status Lost status Damaged status Not for loan Home library Current library Shelving location Date acquired Cost, normal purchase price Total Checkouts Full call number Barcode Date last seen Cost, replacement price Price effective from Koha item type Purchase Price
        IIA Library-Bangalore IIA Library-Bangalore General Stacks 20/10/1969 63.00   524.83/ THE 3675 05/11/2021 63.00 20/10/1969 Books Rs. 63.00

Powered by Koha